000 01488cam a22003977a 4500
001 15482748
003 OSt
005 20250603105534.0
008 081010s1998 nyua j 000 1 eng d
010 _a 2008300628
020 _a9780439448918 (pbk.)
020 _a0439448913 (pbk.)
035 _a(OCoLC)ocm51282606
040 _aSO$
_cSO$
_dMOU
_dOCLCQ
_dBAKER
_dBTCTA
_dDLC
042 _alccopycat
050 0 0 _aPZ7.B14032
_bHo 1998
082 0 0 _a[Fic]
_222
100 1 _aBaglio, Ben M.
245 1 0 _aHound at the hospital /
_cBen M. Baglio ; illustrations by Jenny Gregory ; [cover art by Mary Ann Lasher].
260 _aNew York :
_bScholastic,
_cc1998.
300 _a133 p. :
_bill. ;
_c20 cm.
490 0 _aApple series
490 1 _aAnimal Ark
500 _a"A Working Partners book"--P. [4] of cover.
520 _aWhen Mandy and James observe SPCA inspector Danny Davies and his beagle Sasha on patrol, things taken an unexpected turn when Sasha is injured.
521 0 _aRL4.
521 1 _a008-011.
650 0 _aDogs
_vJuvenile fiction.
650 0 _aAnimal welfare
_vJuvenile fiction.
700 1 _aGregory, Jenny.
700 1 _aLasher, Mary Ann.
800 1 _aBaglio, Ben M.
_tAnimal Ark ;
_v33.
906 _a7
_bcbc
_ccopycat
_d2
_encip
_f20
_gy-gencatlg
942 _2lcc
_cBK
999 _c264894
_d264893